000 00939nam a22003017a 4500
001 BR2017001711
003 BR-BrBNA
005 20230928105116.0
007 ta
008 230509b bl.||||| |||| 00| 0 por d
040 _aBR-BrBNA
_bpor
_cBiblioteca Nacional de Agricultura
041 _a(Por)
072 _aH01
_b0120
_b4120
090 _ 0120 BR2017001711
100 1 _aFaria, M.R. de
110 1 _aUniversidade Federal de Lavras, MG (Brasil)
_0Tese (Mestrado)
245 1 _aContribuição de resíduos orgânicos nas propriedades do solo e sobrevivência de Stenocarpella em colmos de milho
260 3 _aLavras, MG (Brasil):
_c2016.
300 _a60 p.
500 _aSummaries (Eng, Por); Bibliography p. 50-58; 9 illus.; 10 tables
650 _aMILHO
650 _aZEA MAYS
650 _aDIPLODIA MAYDIS
650 _aRESÍDUO ORGÂNICO
650 _aFUNGO
909 _a202309
_bLucia
_c55
_dLucia Elande
942 _cBK
999 _c83457
_d83457